LIBRARY & INFORMATION CENTRE, KCAET, TAVANUR

ONLINE PUBLIC ACCESS CATALOGUE (OPAC)

Water Resources: Strategic Overview for Global Sustainbility (Record no. 14731)

MARC details
000 -LEADER
fixed length control field 00326nam a22001337a 4500
020 ## - INTERNATIONAL STANDARD BOOK NUMBER
ISBN 9789384007331
082 ## - DEWEY DECIMAL CLASSIFICATION NUMBER
Classification number 627.
Item number GHO/WA
100 ## - MAIN ENTRY--AUTHOR NAME
Personal name Ghosh, Roy M.K
245 ## - TITLE STATEMENT
Title Water Resources: Strategic Overview for Global Sustainbility
250 ## - EDITION STATEMENT
Edition statement 1
260 ## - PUBLICATION, DISTRIBUTION, ETC. (IMPRINT)
Place of publication New Delhi
Name of publisher Medtec
Year of publication 2015
300 ## - PHYSICAL DESCRIPTION
Number of Pages 320
942 ## - ADDED ENTRY ELEMENTS (KOHA)
Koha item type Book Bank scheme for SC students
Holdings
Withdrawn status Lost status Damaged status Collection code Home library Current library Shelving location Date acquired Source of acquisition Cost, normal purchase price Full call number Accession Number Koha item type
        KAUAET KAUAET Scheme 25/08/2016 Dream Tech Publishers & Book Sellers, Trivandrum. 495.00 627. GHO/WA BB 359 Book Bank scheme for SC students
        KAUAET KAUAET Scheme 25/08/2016 Dream Tech Publishers & Book Sellers, Trivandrum. 495.00 627. GHO/WA BB 360 Book Bank scheme for SC students
free website counter